00923cam a22002297a 4500003000500000005001700005008004100022010000900063011000900072035000900081040000900090082001900099110012400118245010000242260015100342300001000493650004500503650003600548700003300584700003700617700003900654CHAP20241112062702.0971013s1991 r 00010 d a3249 a4221 a3423 cCHAP a338.763072bU3 aUACH. Centro de Investigaciones Económicas, Sociales y Tecnológicas de la Agroindustria y de la Agricultura Mundial 0aPropuesta de desarrollo agroindustrial en el sur de Sonora para productores de escasos recursos aChapingo, Méx. :bUACH. Centro de Investigaciones Económicas, Sociales y Tecnológicas de la Agroindustria y de la Agricultura Mundial,c1991 a299 p14aIndustrias agrícolasxInvestigación.14aIndustrias agrícolasxSonora.1 aGómez Cruz, Manuel Ángel0 aPérez Bedolla, Gerardo Raúl.0 aSantoyo Cortés, Vinicio Horacio.